000 00348nam a2200133Ia 4500
008 200103s9999||||xx |||||||||||||| ||und||
040 _aIMU-MPC
082 _aColumn-19
100 _aKeate, Henry ans Stark, C.L.
245 0 _aGuide to marine insurance
260 _bSIR ISAAC PITMAN & SONS, Ltd, London
_c1960
300 _aviii, 220
942 _cBK
999 _c6432
_d6432